000 00545nam a2200169 i 4500
001 46165
003 ES-MaACL
005 20230906161335.0
007 t|
008 030328s1966 sp ||||1| cat d
245 0 3 _aLa comarca d'Olot
_b: una aproximació a la seva realitat económica /
_cJ. Hortaláa, J. Capdevila.
260 _aEsplugues de Llobregat :
_bAriel,
_c[1966]
300 _a205 p., 4 map., 2 graf. ;
_c23 cm.
700 1 _aHortaláa, J.
_9128034
700 1 _aCapdevila, J. María.
_934793
852 _aES-MaACL
_jC-31561
_bR.61998
999 _c46165
_d46165